| 000 | 00660nam a2200205 a 4500 | ||
|---|---|---|---|
| 005 | 20231128063548.0 | ||
| 008 | 991125s2004 mx 000 0 spa u | ||
| 020 | _a9707530197 | ||
| 035 | _aUPN01000058497 | ||
| 049 | _aF | ||
| 050 | 4 |
_aF1221 T2.5 _bP5.7 |
|
| 100 | 1 |
_aPintado Cortina, Ana Paula María _935931 |
|
| 245 | 1 | 0 |
_aTarahumaras / _cAna Paula María Pintado Cortina. |
| 260 |
_aMéxico : _bCDI : _bPNUD, _c2004. |
||
| 300 |
_a39 p. : _bil. |
||
| 440 | 0 | _aPueblos indígenas del México contemporáneo | |
| 650 | 2 |
_aTarahumaras _xVida social y costumbres _911572 |
|
| 650 | 4 |
_aIndígenas de México _xVida social y costumbres _95132 |
|
| 905 | _aLibro | ||
| 999 |
_c58497 _d58497 |
||